[Event "BAN-chB 41st"]
[Site "Dhaka"]
[Date "2015.10.18"]
[Round "4"]
[White "Anata, Choudhury"]
[Black "Ayub, Ali"]
[Result "0-1"]
[WhiteElo "2101"]
[BlackElo "1939"]
[PlyCount "67"]
[EventDate "2015.10.15"]
[EventType "swiss"]
[EventRounds "11"]
[EventCountry "BAN"]
[SourceTitle "CBM 169 Extra"]
[Source "ChessBase"]
[SourceDate "2015.12.18"]
[SourceVersion "1"]
[SourceVersionDate "2015.12.18"]
[SourceQuality "1"]

1. e4 c5 2. Nf3 e6 3. d4 cxd4 4. Nxd4 a6 5. Nc3 Qc7 6. Be2 Nf6 7. 0-0 Nc6 8. Kh1 Bb4 9. Qd3 Nxd4 10. Qxd4 Bc5 11. Qd2 b5 12. Qg5 0-0 13. e5 Nd5 14. Nxd5 exd5 15. Bd3 Re8 16. f4 Qd8 17. Qg3 d6 18. Bd2 dxe5 19. fxe5 Be6 20. Bg5 Qd7 21. Bf6 g6 22. h4 Bf8 23. Rf4 Bg7 24. Raf1 Bxf6 25. Rxf6 Kh8 26. h5 Rg8 27. Qg5 Qe7 28. Qh6 Qe8 29. hxg6 fxg6 30. Bxg6 Rxg6 31. Rf8+ Bg8 32. Qf4 Qxf8 33. Qxf8 Rxf8 34. Rxf8 0-1